000 00451nam a2200157Ia 4500
008 210719s1979 xx 000 0 und d
041 _aeng
082 _a330.9054 SENW
100 _aSEN (Sukomal)
245 _aWorking class of India: history of emergency and movement 1830-1970.
260 _aCalcutta
_bK P Bagchi & Co.
_c1979
300 _a466
_bPB
365 _b30
_cRs
650 _aEconomic History
906 _aWorking class labour economics
999 _c212832
_d212832